|
|
|
|
| LEADER |
03022nam a2200613 aa4500 |
| 001 |
nkc20051633392 |
| 003 |
CZ PrNK |
| 005 |
20240417061224.0 |
| 007 |
ta |
| 008 |
051130m20052006xr a e p 000 0 cze |
| 015 |
|
|
|a cnb001633392
|
| 020 |
|
|
|a 80-244-1095-8
|q (1. díl ;
|q brož.) :
|c neprodejné
|
| 020 |
|
|
|a 80-244-1096-6
|q (2. díl ;
|q brož.)
|z 80-244-1096-8 :
|c neprodejné
|
| 020 |
|
|
|a 80-244-1414-7
|q (3. díl ;
|q brož.)
|
| 020 |
|
|
|a 80-244-1490-2
|q (4. díl ;
|q brož.)
|
| 035 |
|
|
|a (OCoLC)85165435
|
| 040 |
|
|
|a BOA001
|b cze
|d ABA001
|d OLA001
|
| 072 |
|
7 |
|a 616-053.2
|x Pediatrie
|2 Konspekt
|9 14
|
| 072 |
|
7 |
|a 37.016
|x Učební osnovy. Vyučovací předměty. Učebnice
|2 Konspekt
|9 22
|
| 080 |
|
|
|a 616.1/.9-053.2
|2 MRF
|
| 080 |
|
|
|a 316.346.32-053.5
|2 MRF
|
| 080 |
|
|
|a (075.8)
|2 MRF
|
| 100 |
1 |
|
|a Goldmann, Radoslav,
|d 1932-2019
|7 xx0006801
|4 aut
|
| 245 |
1 |
0 |
|a O chorobách dětí školního věku :
|b text k distančnímu studiu /
|c Radoslav Goldmann, Martina Cichá
|
| 250 |
|
|
|a 1. vyd.
|
| 260 |
|
|
|a Olomouc :
|b Univerzita Palackého v Olomouci,
|c 2005-2006
|
| 300 |
|
|
|a 4 sv. :
|b il. ;
|c 29 cm
|
| 490 |
1 |
|
|a Texty k distančnímu vzdělávání v rámci kombinovaného studia
|
| 500 |
|
|
|a Nad názvem: Univerzita Palackého v Olomouci, Pedagogická fakulta
|
| 500 |
|
|
|a Spoluautor 4. dílu: Vladimír Mihál
|
| 500 |
|
|
|a Terminologický slovník
|
| 500 |
|
|
|a Dostupné též v digitální podobě v aplikaci Kramerius
|
| 504 |
|
|
|a Obsahuje bibliografie
|
| 505 |
0 |
|
|a 1. díl. 2005. 49 s. -- 2. díl. 2005. 53 s. -- 3. díl. 2006. 65 s. -- 4. díl. 2006. 64 s.
|
| 521 |
8 |
|
|a Určeno pro posluchače kombinovaného studia oboru Učitelství sociálních a zdravotních předmětů pro SOŠ a příbuzných oborů
|
| 650 |
0 |
7 |
|a nemoci u dětí
|7 ph134932
|2 czenas
|
| 650 |
0 |
7 |
|a děti školního věku
|7 ph119714
|2 czenas
|
| 650 |
0 |
9 |
|a diseases of children
|2 eczenas
|
| 650 |
0 |
9 |
|a school children
|2 eczenas
|
| 655 |
|
7 |
|a učebnice vysokých škol
|7 fd133772
|2 czenas
|
| 655 |
|
9 |
|a textbooks (higher)
|2 eczenas
|
| 700 |
1 |
|
|a Cichá, Martina,
|d 1972-
|7 xx0006808
|4 aut
|
| 700 |
1 |
|
|a Mihál, Vladimír,
|d 1951-
|7 nlk19990073561
|4 aut
|
| 710 |
2 |
|
|a Univerzita Palackého.
|b Pedagogická fakulta
|7 kn20010709375
|
| 830 |
|
0 |
|a Texty k distančnímu vzdělávání v rámci kombinovaného studia
|0 s
|
| 856 |
4 |
1 |
|u http://www.digitalniknihovna.cz/mzk/uuid/uuid:cd5398a0-ff3b-11e6-97b4-5ef3fc9ae867
|y Digitalizovaný dokument
|x NDK
|
| 910 |
|
|
|a BOA001
|b 3-1160.818
|s 1-4
|t v
|
| 990 |
|
|
|a BK
|
| 995 |
|
|
|a 01
|
| 991 |
|
|
|b 200512
|c NOV
|
| 996 |
6 |
|
|b 2610266513
|c 3-1160.818
|d 1
|v 1
|l MZK
|r Sklad / do 1 hodiny
|n 0
|p p.v.
|w 000799828
|u 000010
|a 1
|e BOA001
|j MZK50
|s P
|
| 996 |
6 |
|
|b 2610266514
|c 3-1160.818
|d 2
|v 2
|l MZK
|r Sklad / do 1 hodiny
|n 1
|p p.v.
|w 000799828
|u 000020
|a 1
|e BOA001
|j MZK50
|s P
|
| 996 |
6 |
|
|b 2610292765
|c 3-1160.818
|d 3
|v 3
|l MZK
|r Sklad / do 1 hodiny
|n 1
|p p.v.
|w 000799828
|u 000030
|a 1
|e BOA001
|j MZK50
|s P
|
| 996 |
6 |
|
|b 2610307182
|c 3-1160.818
|d 4
|v 4
|l MZK
|r Sklad / do 1 hodiny
|n 0
|p p.v.
|w 000799828
|u 000040
|a 1
|e BOA001
|j MZK50
|s P
|